Central Library OPAC University of Rajshahi

Imperialism [and] Social classes : (Record no. 41753)

MARC details
000 -LEADER
fixed length control field 01023nam a2200277 a 4500
001 - CONTROL NUMBER
control field 41753
003 - CONTROL NUMBER IDENTIFIER
rucl marc code BD-RjUL
005 - DATE AND TIME OF LATEST TRANSACTION
control field 20211209053438.0
008 - FIXED-LENGTH DATA ELEMENTS--GENERAL INFORMATION
fixed length control field 160605t19601951nyu 000 0 eng d
035 ## - SYSTEM CONTROL NUMBER
System control number (OCoLC)09964474
-- BD-RjUL41871
040 ## - CATALOGING SOURCE
Original cataloging agency LYU
Language of cataloging eng
Transcribing agency LYU
Modifying agency OCLCG
-- OCLCA
-- OCLCQ
-- OCLCO
-- OCLCF
-- BD-RjUL
-- OCLCQ
-- MYG
041 1# - LANGUAGE CODE
Language code of text/sound track or separate title eng
Language code of original ger
082 #4 - DEWEY DECIMAL CLASSIFICATION NUMBER
Classification number 321.03
Author mark and year SCI 1960
Edition number 23
090 ## - LOCALLY ASSIGNED LC-TYPE CALL NUMBER (OCLC); LOCAL CALL NUMBER (OCLC)
Classification number (OCLC) (R) ; Classification number, CALL (RLIN) (NR) JC359.S36x 1960
100 1# - MAIN ENTRY--PERSONAL NAME
Personal name Schumpeter, Joseph A.,
Dates associated with a name 1883-1950.
9 (RLIN) 128263
245 10 - TITLE STATEMENT
Title Imperialism [and] Social classes :
Remainder of title two essays /
Statement of responsibility, etc. Introd. by Bert Hoselitz; translated by Heinz Norden.
260 ## - PUBLICATION, DISTRIBUTION, ETC. (IMPRINT)
Place of publication, distribution, etc. New York :
Name of publisher, distributor, etc. Meridian Books,
Date of publication, distribution, etc. c1951 [Printing 1960]
300 ## - PHYSICAL DESCRIPTION
Pagination ix, 182 p. ;
Size 18 cm.
490 1# - SERIES STATEMENT
Series statement Meridian books,
Volume/sequential designation M4
500 ## - GENERAL NOTE
General note Translations of Zur Soziologie der Imperialismen and Die sozialen Klassen im ethnisch homogenen Milieu.
650 #0 - SUBJECT ADDED ENTRY--TOPICAL TERM
Topical term or geographic name as entry element Imperialism.
9 (RLIN) 128264
Topical term or geographic name as entry element Social classes.
9 (RLIN) 128265
830 #0 - SERIES ADDED ENTRY--UNIFORM TITLE
Uniform title Meridian books ;
Volume number/sequential designation M4.
942 ## - ADDED ENTRY ELEMENTS (KOHA)
Source of classification or shelving scheme Dewey Decimal Classification
Koha item type Books
Holdings
Lost status Source of classification or shelving scheme Damaged status Not for loan Collection code Permanent Location Current Location Shelving location Date acquired Source of acquisition Cost, normal purchase price Total Checkouts Full call number Date last seen Copy number Koha item type
  Dewey Decimal Classification     Non-fiction Central Library, University of Rajshahi Central Library, University of Rajshahi   11/12/1965 Zeit 18.00   321.03 SCI 1960 05/06/2016 C-2 Books